| 000 | 00555nam a2200157 4500 | ||
|---|---|---|---|
| 001 | 121219 | ||
| 003 | ES-MaACL | ||
| 005 | 20230906191719.0 | ||
| 007 | t| | ||
| 008 | 070214s1924 sp r ||||1| spa d | ||
| 100 | 1 |
_aPonte Escartín, Galo. _993054 |
|
| 245 | 1 | 0 |
_aMemoria elevada al gobierno de S. M. _b: en la solemne apertura de los tribunales el día 15 de septiembre de 1924 / _cpor el fiscal del Tribunal Supremo Galo Ponte Escartín. |
| 260 |
_aMadrid : _bReus, _c1924. |
||
| 300 |
_aCLXVI, 62 p. ; _c23 cm. |
||
| 852 |
_aES-MaACL _jF-4590 _bR.4562 |
||
| 999 |
_c121219 _d121219 |
||